000 00691nam a2200169Ia 4500
008 090711s9999 xx 000 0 und d
082 _b16703
100 _aजोग ब. ना.
245 _aSाीनSो बकासुरी आक्रमण आणि भारताSाी वज्रमुठ
260 _c1962
300 _a88
600 _aजोग ब. ना.
630 _aSाीनSो बकासुरी आक्रमण आणि भारताSाी वज्रमुठ
700 _aजोग ब. ना.
730 _aSाीनSो बकासुरी आक्रमण आणि भारताSाी वज्रमुठ
942 _cBOOK
999 _c293150
_d293150